<?xml version="1.0" encoding="UTF-8"?>
<record
    xmlns:xsi="http://www.w3.org/2001/XMLSchema-instance"
    xsi:schemaLocation="http://www.loc.gov/MARC21/slim http://www.loc.gov/standards/marcxml/schema/MARC21slim.xsd"
    xmlns="http://www.loc.gov/MARC21/slim">

  <leader>00745nam a2200193 a 4500</leader>
  <controlfield tag="001">000020792</controlfield>
  <controlfield tag="005">20200930011148.0</controlfield>
  <controlfield tag="008">100817s1958    pr            000 0 spa d</controlfield>
  <datafield tag="040" ind1=" " ind2=" ">
    <subfield code="a">DO-SdBNP</subfield>
    <subfield code="b">spa</subfield>
    <subfield code="c">BPJMB</subfield>
  </datafield>
  <datafield tag="082" ind1=" " ind2=" ">
    <subfield code="a">372.61</subfield>
    <subfield code="b">G633m</subfield>
  </datafield>
  <datafield tag="100" ind1="1" ind2=" ">
    <subfield code="a">G&#xF3;mez Tejera, Carmen,</subfield>
    <subfield code="9">43573</subfield>
  </datafield>
  <datafield tag="245" ind1="1" ind2="0">
    <subfield code="a">Manual para la ense&#xF1;anza de la lengua en la escuela elemental /</subfield>
    <subfield code="c">Carmen G&#xF3;mez Tejera, Ana Mar&#xED;a Losada, Jorge L. Porras Cruz y Enrique A. Laguerre.</subfield>
  </datafield>
  <datafield tag="260" ind1=" " ind2=" ">
    <subfield code="a">Hato Rey, Puerto Rico :</subfield>
    <subfield code="b">Departamento de Instrucci&#xF3;n P&#xFA;blica,</subfield>
    <subfield code="c">1958.</subfield>
  </datafield>
  <datafield tag="300" ind1=" " ind2=" ">
    <subfield code="a">117 p. ;</subfield>
    <subfield code="c">21 cm.</subfield>
  </datafield>
  <datafield tag="650" ind1=" " ind2="4">
    <subfield code="a">Espa&#xF1;ol</subfield>
    <subfield code="x">Ense&#xF1;anza b&#xE1;sica</subfield>
    <subfield code="9">36379</subfield>
  </datafield>
  <datafield tag="700" ind1="1" ind2=" ">
    <subfield code="a">Losada, Ana Mar&#xED;a,</subfield>
    <subfield code="9">43574</subfield>
  </datafield>
  <datafield tag="700" ind1="1" ind2=" ">
    <subfield code="a">Porras Cruz, Jorge L.,</subfield>
    <subfield code="9">43575</subfield>
  </datafield>
  <datafield tag="700" ind1="1" ind2=" ">
    <subfield code="a">Laguerre, Enrique A.,</subfield>
    <subfield code="9">20867</subfield>
  </datafield>
  <datafield tag="999" ind1=" " ind2=" ">
    <subfield code="c">20296</subfield>
    <subfield code="d">20296</subfield>
  </datafield>
</record>
